Noms des classes du système éducatif français - Statistiques

Statistiques générales
  • Ce quiz a été pris 107 fois
  • Le résultat moyen est 15 sur 15
Statistiques - réponses
Catégories Classes % Correct
CE1
100%
CE2
100%
Collège Sixième
100%
Terminale
100%
Troisième
100%
Cinquième
99%
Élémentaire CP
99%
Première
99%
Quatrième
99%
CM1
98%
CM2
98%
Lycée Seconde
98%
Grande Section
94%
Maternelle Petite Section
94%
Moyenne Section
92%
Aucun quiz correspondant
Distribution des résultats
% des personnes avec chaque résultat
Percentile par nombre de réponses
Votre historique - résultats
Vous n’avez pas pris ce quiz